Carta a los colosenses / (Record no. 176784)

MARC details
000 -LEADER
campo de control de longitud fija 00935nam a22002655i 4500
001 - NÚMERO DE CONTROL
campo de control 176784
003 - IDENTIFICADOR DE NÚMERO DE CONTROL
campo de control ES-MaACL
005 - FECHA Y HORA DE LA ÚLTIMA TRANSACCIÓN
campo de control 20230906220200.0
008 - DATOS DE LONGITUD FIJA--INFORMACIÓN GENERAL
campo de control de longitud fija 110209s1970 sp |||| | spa d
080 ## - NÚMERO DE LA CLASIFICACIÓN DECIMAL UNIVERSAL
Número de la Clasificación Decimal Universal 27-246
080 ## - NÚMERO DE LA CLASIFICACIÓN DECIMAL UNIVERSAL
Número de la Clasificación Decimal Universal 27-248.3
100 0# - ENTRADA PRINCIPAL--NOMBRE DE PERSONA
Nombre de persona Gnilka, Joachim.
9 (RLIN) 145125
245 10 - MENCIÓN DEL TÍTULO
Título Carta a los colosenses /
Mención de responsabilidad, etc. Franz Mussner. Carta a Filemón / [Alois Stöger ; versión castellana de J. Mª Querol].
260 ## - PUBLICACIÓN, DISTRIBUCIÓN, ETC.
Lugar de publicación, distribución, etc. Barcelona :
Nombre del editor, distribuidor, etc. Herder,
Fecha de publicación, distribución, etc. 1970.
300 ## - DESCRIPCIÓN FÍSICA
Extensión 156 p. ;
Dimensiones 20 cm.
490 1# - MENCIÓN DE SERIE
Mención de serie El Nuevo Testamento y su mensaje ;
Designación de volumen o secuencia 11
500 ## - NOTA GENERAL
Nota general Tít. tomados de la cub.
630 04 - PUNTO DE ACCESO ADICIONAL DE MATERIA--TÍTULO UNIFORME
Título uniforme Biblia.
Nombre de parte o sección de la obra N. T.
-- Colosenses-
Subdivisión de forma Comentarios.
9 (RLIN) 145128
630 04 - PUNTO DE ACCESO ADICIONAL DE MATERIA--TÍTULO UNIFORME
Título uniforme Biblia.
Nombre de parte o sección de la obra N. T.
-- Filemón-
Subdivisión de forma Comentarios.
9 (RLIN) 145129
700 1# - ENTRADA AGREGADA--NOMBRE PERSONAL
Nombre de persona Stöger, Alois.
9 (RLIN) 145115
700 0# - ENTRADA AGREGADA--NOMBRE PERSONAL
Nombre de persona Querol, José María.
9 (RLIN) 94544
830 0# - PUNTO DE ACCESO ADICIONAL DE SERIE-TÍTULO UNIFORME
Título uniforme El Nuevo Testamento y su mensaje ;
Designación de volumen o secuencia 11
9 (RLIN) 190229
852 ## - LOCALIZACIÓN
Ubicación ES-MaACL
Número de control de estantería E-14259
Encuadernación Olim P-1830
Holdings
Estatus retirado Estado de pérdida Estado de daño No para préstamo Biblioteca de origen Biblioteca actual Ubicación en estantería Fecha de adquisición Fuente de adquisición Total de préstamos Signatura topográfica completa Código de barras Visto por última vez Precio de reemplazo Tipo de ítem Koha
        Biblioteca del Ateneo de Madrid Biblioteca del Ateneo de Madrid Depósito 2 09/02/2011     E-14259 1185676 23/02/2023 23/02/2023 Libro impreso